LEADER 01186nam2-2200373---450- 001 990001537690203316 005 20090511154504.0 010 $a88-14-13889-3 035 $a000153769 035 $aUSA01000153769 035 $a(ALEPH)000153769USA01 035 $a000153769 100 $a20040326d2008----km-y0itay50------ba 101 0 $aita 102 $aIT 105 $a||||||||001yy 200 1 $a<<32>> : <> atti anteriori all'apertura del dibattimento$fElena Andolina 210 $aMilano$cGiuffrè$dcopyr. 2008 215 $aIX, 235 p.$d24 cm 461 1$10010032172$12001$aTrattato di procedura penale 606 0 $aDibattimento penale$2BNCF 676 $a345.4507 700 1$aANDOLINA,$bElena$0503809 801 0$aIT$bsalbc$gISBD 912 $a990001537690203316 951 $aXXVI.2.C 91/32 (IG X 342/32)$b59691 G.$cXXVI.2.C 91/32 (IG X)$d00131879 959 $aBK 969 $aGIU 979 $aMARIA$b10$c20040326$lUSA01$h1008 979 $aPATRY$b90$c20040406$lUSA01$h1747 979 $aPATRY$b90$c20080616$lUSA01$h1849 979 $aRSIAV1$b90$c20090511$lUSA01$h1545 996 $aAtti anteriori all'apertura del dibattimento$9718678 997 $aUNISA LEADER 01912oam 2200469 a 450 001 9910692088903321 005 20030820133108.0 035 $a(CKB)5470000002350531 035 $a(OCoLC)52642024 035 9 $aocm52642024 035 $a(OCoLC)995470000002350531 035 $a(EXLCZ)995470000002350531 100 $a20030718d2003 ua 0 101 0 $aeng 135 $aurmn|||||| 181 $ctxt$2rdacontent 182 $cc$2rdamedia 183 $acr$2rdacarrier 200 10$aAviation safety$b[electronic resource] $eundeclared air shipments of dangerous goods and DOT's enforcement approach : report to the ranking minority member, Subcommittee on Aviation, Committee on Transportation and Infrastructure, House of Representatives 210 1$a[Washington, D.C.] :$cU.S. General Accounting Office,$d[2003] 300 $aTitle from title page (viewed on July 14, 2003). 300 $a"January 2003." 300 $aPaper version available from: General Accounting Office, 441 G St., NW, Rm. LM, Washington, D.C. 20548. 300 $a"GAO-03-22." 320 $aIncludes bibliographical references. 517 $aAviation safety 606 $aHazardous substances$xTransportation$zUnited States$xSafety measures 606 $aShipment of goods$zUnited States$xSafety measures 606 $aAeronautics$zUnited States$xSafety measures 606 $aAirplanes$xInspection$zUnited States 615 0$aHazardous substances$xTransportation$xSafety measures. 615 0$aShipment of goods$xSafety measures. 615 0$aAeronautics$xSafety measures. 615 0$aAirplanes$xInspection 712 02$aUnited States.$bCongress.$bHouse.$bCommittee on Transportation and Infrastructure.$bSubcommittee on Aviation. 801 0$bXFF 801 1$bXFF 801 2$bGPO 906 $aBOOK 912 $a9910692088903321 996 $aAviation safety$92313029 997 $aUNINA